| 000 | 01862nam a2200265 a 4500 | ||
|---|---|---|---|
| 001 | 000014903 | ||
| 005 | 20200929163924.0 | ||
| 008 | 100127s2007 dr 001 0 spa d | ||
| 020 | _a9789945130393 | ||
| 040 |
_aDO-SdBNP _bspa _cBNPHU |
||
| 082 |
_a302.230882 _bV145a |
||
| 100 | 1 |
_aValdés Betancourt, Teresa _933746 |
|
| 245 | 1 | 0 |
_aUn asunto de hombres y de mujeres / _cTeresa Valdés Betancourt ; edición Alina García Vázquez. |
| 260 |
_aSanto Domingo : _bCasa de Cultura Latinoamericana y Caribeña, _c2007. _fMediabyte |
||
| 300 |
_a103 p. ; _c22 cm. |
||
| 500 | _aIncluye datos biográficos de la autora en la contracubierta. | ||
| 504 | _aBibliografía : p. 101- 102. | ||
| 505 | 0 |
_gA manera de presentación: _gPara quienes realizan, protagonizan y disfrutan de los audiovisuales -- _tVer, escuchar e imaginar con lenguaje y perspectiva de género -- _tHablar de género no es solo hablar de mujeres -- _tDesde, antes de nuestra era hasta el siglo XXI -- _tLas mujeres y su reflejo en la comunicación -- _tPara apresar y reproducir ideas -- _tCon cultura de la masculinidad -- _tNuevas formas digitales con viejos contenidos -- _tNo es sólo reflejo de la realidad, la palabra también condiciona -- _tVíctimas del lenguaje sexista -- _tInterrogantes que todos y todas podemos respondernos -- _tPropuesta de nuevos puntos de vista con visión de género -- _tCimarronas: mitos, silencios y realidades -- _tNi víctima, ni victimaria -- _tA manera de epílogo: Fidel, en la lucha por la equidad social y de género -- _gAnexos. |
|
| 590 | _aInventariado, 2018/BT | ||
| 650 | 4 |
_aComunicación _xDiferencias sexuales _xInvestigaciones _933747 |
|
| 650 | 4 |
_aMujeres en los medios de comunicación de masas _911705 |
|
| 650 | 4 |
_aMujeres-condiciones sociales _92526 |
|
| 700 | 1 |
_aGarcía Vázquez, Alina, _eed. _933748 |
|
| 910 | _aValidado. Control de calidad. EMS | ||
| 999 |
_c14483 _d14483 |
||